000
00308nam a22001337a 4500
008
181203b xxu||||| |||| 00| 0 eng d
020
_a
9780500510476
041
_a
eng
080
_a
940
100
_a
16
101
_a
SHH
245
_a
The Seventy Wonders of the Modern World
_c
Parkyn,N
942
_2
udc
_c
BK
999
_c
52716
_d
52716